000 00293nam a22001217a 4500
008 180130b xxu||||| |||| 00| 0 eng d
041 _aeng
080 _22nd
_a616.073
100 _a6
101 _aGJEN
245 _aGoldbert's genetic and metabolic eye disease
_cRenie,W.A
942 _2udc
_cBK
999 _c41306
_d41306